[Event "Stay Safe Play From Home 298"]
[Site "Emanuel Lasker Arena"]
[Date "2020.07.13"]
[Round "2"]
[White "Mepe_Nika"]
[Black "Toosieslide"]
[Result "0-1"]
[WhiteElo "2403"]
[BlackElo "2188"]
[Annotator "TA"]
[PlyCount "138"]
[EventDate "2020.07.13"]
[EventType "swiss (blitz)"]

{[%evp 13,138,0,0,-2,0,-12,0,-3,-2,0,31,0,-3,-8,-2,-35,-31,-33,-24,-62,-54,-48,-55,-43,-20,-33,5,5,15,0,0,-120,-111,-458,-441,-456,-452,-451,-301,-308,-311,-284,-270,-252,0,0,0,0,10,-194,-194,-194,-194,-187,-187,-194,-187,-429,-420,-415,-403,-393,-393,-334,-309,-294,-287,-29972,-29971,-29973,-29970,-29975,-29974,-29973,-29968,-29970,-29971,-29971,-29972,-29972,-29973,-29974,-29975,-29975,-29977,-29981,-29981,-29983,-29983,-29983,-29982,-29983,-29982,-29982,0,-29983,-29984,-29984,-29984,-29984,-29984,-29984,-29985,-29985,-29986,-29986,-29987,-29991,-29988,-29988,-29987,-29991,-29988,-29988,-29987,-29993,-29990,-29990,-29991,-29992,-29992,-29992,-29992,-29992,-29991,-29992,-624]} 1. d4 d5 2. Bf4 Nf6 3. e3 c5 4. c3 Nc6 5. Nd2 e6 6. Ngf3 Bd6 7. Bxd6 Qxd6 8. Bb5 {D02: 1 d4 d5 2 Nf3 sidelines, including 2...Nf6 3 g3 and 2...Nf6 3 Bf4.} O-O 9. Bxc6 bxc6 10. O-O {The position is equal.} Ba6 11. Re1 {[#]} Rab8 $146 ({Predecessor:} 11... Rfb8 12. Qa4 Bc8 13. Qa3 Nd7 14. Nb3 Qf8 15. Nxc5 Nxc5 16. dxc5 a5 17. Ne5 Ra6 {1-0 (29) Carvalho,F (2105)-Guerreiro,A (2013) Sao Paulo 2019}) 12. b3 cxd4 13. cxd4 c5 14. Rc1 cxd4 15. Nxd4 Rfc8 16. Qf3 e5 17. Nf5 Qe6 18. h3 Bd3 19. Ng3 $1 Rxc1 20. Rxc1 Rc8 21. Rxc8+ Qxc8 22. Kh2 (22. Qd1 $11) 22... Qc1 $36 {[%mdl 2048] Keeping White busy.} 23. e4 $2 {[%mdl 8192]} (23. Nc4 $17 {nothing else works.} Bxc4 24. bxc4 Qxc4 25. Nf5) 23... Qxd2 $19 24. exd5 Bg6 25. d6 {[#] White wants to mate with Qa8+.} Qxd6 26. Qa8+ Qf8 27. Qxa7 Ne4 28. a4 Nxf2 $2 (28... Nxg3 $19 29. Kxg3 h6) 29. Qxf2 $11 f5 30. a5 f4 31. a6 $2 (31. Ne2 $11 {and White stays safe.}) 31... fxg3+ $19 32. Qxg3 Qa8 33. Qxe5 Qxa6 {Threatens to win with ...h6.} 34. Qb8+ Kf7 35. Qf4+ $2 (35. Qc7+ Kf6 36. Qd8+ Ke5 37. Qe7+ Kf5 38. Qxg7) 35... Qf6 36. Qc7+ Qe7 37. Qc4+ Qe6 38. Qc7+ Kf6 39. Qf4+ Qf5 40. Qxf5+ $2 {[#]} (40. Qh4+ $19 Ke6 41. Qc4+ Qd5 42. Qc8+ Kf6 43. Qa6+ Qe6 44. Qf1+ Ke7 45. Qa1) 40... Bxf5 {[%mdl 4096] Endgame KB-K3P} 41. b4 Be6 42. g4 Ke5 43. Kg3 Kd6 44. h4 Kd5 45. g5 Kc4 46. Kf4 Kxb4 {KB-KPP} 47. Ke5 Bg4 48. Kf4 Bh5 49. g6 Bxg6 {KB-KP} 50. Kg3 Bh5 51. Kf4 g6 52. Kg3 Ka4 53. Kh2 Kb4 54. Kg3 Kc4 {Black mates.} 55. Kf4 Kd5 56. Kg5 Ke6 57. Kf4 Kf6 58. Kg3 Kf5 59. Kh2 Kf4 60. Kh1 Kf3 61. Kg1 Kg4 62. Kh1 Kxh4 63. Kg1 g5 64. Kh1 g4 65. Kg1 g3 66. Kh1 Bf3+ 67. Kg1 Be4 68. Kf1 Kh3 69. Kg1 g2 {Accuracy: White = 59%, Black = 83%.} (69... Kg4 $142 70. Kf1 g2+ 71. Kf2 Kf4 72. Kg1 Ke3 73. Kh2 Kf2 74. Kh3 g1=Q 75. Kh4 Qg6 76. Kh3 Qh5#) 0-1

[Event "Stay Safe Play From Home 298"]
[Site "Emanuel Lasker Arena"]
[Date "2020.07.13"]
[Round "2"]
[White "SoulofWolf"]
[Black "Broken sword"]
[Result "0-1"]
[WhiteElo "2232"]
[BlackElo "2413"]
[Annotator "TA"]
[PlyCount "104"]
[EventDate "2020.07.13"]
[EventType "swiss (blitz)"]

{[%evp 9,104,-21,-17,-20,2,-29,0,-5,1,0,-6,-16,-6,-107,-47,-36,-11,-111,-98,-112,-86,-206,-85,-214,-181,-188,-177,-260,-213,-309,-222,-284,-177,-181,-175,-237,-222,-223,-170,-168,-50,-237,-231,-235,-220,-526,-266,-521,-522,-29974,-29978,-29978,-29978,-29994,-29995,-29995,-29996,-29996,-29997,-29997,-29980,-29980,-2530,-29992,-29988,-29991,-323,-3309,-1118,-1181,-1003,-1083,-1056,-1424,-1419,-1418,0,-1240,-1357,-1358,-1322,-29984,-1945,-29976,-29977,-29999,-29989,-29998,-29995,-29998,-29996,-29998,-29997,-29997,-29998,-29998,-29998]} 1. d4 d5 2. Nf3 c6 3. Bg5 Bf5 {[#]} 4. Bh4 $146 ({Predecessor:} 4. e3 Nd7 5. c4 Ngf6 6. cxd5 cxd5 7. Nc3 Ne4 8. Nxe4 Bxe4 9. Nd2 Bg6 10. Qb3 f6 11. Bf4 e5 12. Bg3 exd4 13. exd4 {½-½ (90) Andreikin,D (2743)-Wen,Y (2611) Moscow 2016}) 4... Qb6 5. b3 {[%cal Bb2b3,Bb3b4][%mdl 32]} Nd7 6. c3 {D00: 1 d4 d5: Unusual lines.} Ngf6 7. Nbd2 Qa5 8. b4 {The position is equal.} Qb6 9. e3 e6 10. Be2 a5 $36 {[%mdl 2048] Black fights for an advantage.} 11. Qb3 (11. a3 $11) 11... Be7 (11... axb4 $17 {...Ra3 is the strong threat.} 12. c4 Be7) 12. b5 $15 c5 13. dxc5 (13. a4 $11) 13... Nxc5 $17 14. Qb2 Bd3 15. Nd4 (15. c4 $17 {might work better.}) 15... O-O (15... e5 $19 {is more deadly.} 16. N4f3 Bxe2 17. Kxe2 e4) 16. a4 (16. O-O $17) 16... Bxe2 17. Kxe2 Rfe8 18. f3 (18. N2b3 $142) 18... Rac8 19. Bf2 (19. Rhd1 $142) 19... Qc7 20. Rhc1 Ncd7 ({Resist} 20... Qxh2 21. N2b3 $19) 21. Bg3 Bd6 22. Kf2 (22. Bxd6 $142 Qxd6 23. Nf1) 22... Bxg3+ $19 23. hxg3 g6 24. c4 Qd6 ({Don't play} 24... dxc4 $6 25. Rxc4 Qb8 26. Ne2 $15) ({Black should try} 24... Ne5 $1 $19 {[%cal Re5d3] White must now prevent ...Nd3+.} 25. Qa3 dxc4) 25. Qb3 $2 (25. N4b3 $15) 25... e5 $1 {[%cal Re5d4]} ({Much less strong is} 25... Nc5 26. Qc3 $17) 26. Ne2 d4 27. e4 $2 (27. Kg1) 27... Nc5 28. Qa3 $2 (28. Qd1 {was forced.}) 28... d3 29. Nc3 Qd4+ 30. Kf1 Nh5 31. Nd1 Nxg3+ 32. Ke1 Qg1+ {[%mdl 64] Double Attack} 33. Nf1 Qxf1+ 34. Kd2 Qe2+ 35. Kc3 {[#]} d2 (35... Ngxe4+ $142 $1 36. fxe4 Nxe4+ 37. Kb3 Nd2+ 38. Kc3 Nxc4 39. Kb3 Nxa3 40. Kxa3 d2 41. Rcb1 Rc2 42. Rb3 Rc1 $1 {[%mdl 512]} 43. Rbb1 Qxd1 44. Rxc1 dxc1=R 45. Rxc1 Qxc1+ 46. Kb3 Rc8 47. g4 Rc3+ 48. Ka2 Ra3#) 36. Ra2 Red8 37. Rcc2 Qe3+ $2 (37... Qxd1 {mates} 38. Ra1 Qe2 39. Qa2 Qe3+ 40. Kb2 Nd3+ 41. Kb3 {[#]} Nc1+ $1 {[%mdl 576] Double Attack, Discovered Attack (Double check)} 42. Kb2 Qd4+ 43. Rc3 Nxa2 {[%mdl 64] Pin} 44. Rd1 Nxc3 45. Ra1 Nxa4+ {[%mdl 64] Discovered Attack (Double check)} 46. Kc2 d1=Q+ 47. Rxd1 Qxd1#) 38. Kb2 $2 (38. Nxe3 Rd3+ {[%mdl 64] Double Attack, Skewer} 39. Kb2 Rxe3 40. Rxd2 Rxa3 41. Rxa3) 38... Qxa3+ 39. Rxa3 Nf1 40. Kb1 Nd3 41. Rac3 Ne1 42. Rb2 Nd3 43. Rbc2 $1 Nb4 44. Rb2 h5 45. Rcb3 Rd4 (45... Rxc4 $142 46. Ka1 Nd3 47. Rxd3 Rxd3 48. Ka2 Rxa4+ 49. Kb1 Rda3 50. Rxd2 Nxd2+ 51. Kc1 Rd4 52. f4 Nxe4 53. Kb2 Rg3 54. Kc2 Rd2+ 55. Kb1 Rxd1+ 56. Kb2 Rd2+ {[%mdl 64] Double Attack} 57. Ka1 Rgxg2 58. fxe5 Rg1#) 46. c5 Rxc5 {[%csl Gd2][%cal Rc5c1] Black mates.} 47. b6 Rdc4 {[%csl Gc5,Gd2][%cal Rc4c1]} 48. Nc3 Rxc3 49. Rxc3 Rxc3 {[%cal Rd2d1]} 50. Rb3 Rc1+ 51. Kb2 d1=Q 52. Ka3 Rb1 {Accuracy: White = 24%, Black = 55%.} 0-1

[Event "Stay Safe Play From Home 298"]
[Site "Emanuel Lasker Arena"]
[Date "2020.07.13"]
[Round "2"]
[White "Lazieri3"]
[Black "Chase the sun"]
[Result "1-0"]
[WhiteElo "2036"]
[BlackElo "1823"]
[Annotator "TA"]
[PlyCount "101"]
[EventDate "2020.07.13"]
[EventType "swiss (blitz)"]

{[%evp 9,101,6,36,-6,6,-8,-8,-8,-7,-11,3,0,0,0,6,-4,-4,-15,-9,-47,-45,-90,-15,-40,-33,-43,-36,-43,-44,-53,0,0,0,-19,-15,-16,136,141,140,141,139,138,130,0,0,0,17,0,0,0,0,-11,-11,-17,-29,-115,-125,-189,0,0,0,0,0,0,0,0,572,568,1781,1692,10458,2825,29964,29967,29968,29968,29968,29973,29973,29974,29973,29974,29973,29975,29981,29982,29984,29978,29977,29978,29973,29975,29993,29994]} 1. e4 e6 2. Nc3 d5 3. exd5 exd5 4. d4 c6 5. Nf3 Bg4 6. Bf4 {C01: French: Exchange Variation.} Bd6 7. Bxd6 Qxd6 8. Be2 {The position is equal.} Ne7 {[#]} 9. Ne5 $146 ({Predecessor:} 9. Qd2 Nd7 10. h3 Bf5 11. O-O-O O-O-O 12. Rhe1 Kb8 13. Bf1 f6 14. Nh4 Bg6 15. Nxg6 Nxg6 {0-1 (40) Nguyen,T (2207)-Pham Thi Ngoc,T (2083) Ho Chi Minh City 2011}) 9... Bxe2 (9... Be6 {feels hotter.} 10. Nf3 Nd7 11. O-O O-O 12. Bd3 Rae8) 10. Nxe2 O-O 11. O-O Nd7 12. Nxd7 Qxd7 13. c3 Rae8 14. Ng3 f5 15. Re1 Ng6 (15... f4 $17 16. Nf1 f3 $1 {[%mdl 512]} 17. gxf3 Ng6) 16. f3 f4 17. Nf1 Qf5 18. Rxe8 Rxe8 19. Qd2 Nh4 (19... Kf7 $15) 20. Re1 $11 Rf8 21. Kh1 g5 22. Qe2 g4 $2 ({Black should try} 22... Qf6 $11) 23. fxg4 $16 f3 24. gxf5 fxe2 25. Ng3 Nxf5 26. Rxe2 (26. Nxf5 $16 {Hoping for g4.} Rxf5 27. Kg1) 26... Nxg3+ $11 27. hxg3 $16 {[%mdl 4096] Endgame KR-KR} Rf1+ $1 28. Kh2 Kf7 29. g4 Ra1 30. Kg3 Rxa2 31. Kf4 a5 32. Ke5 {[#]} (32. Rf2 $11) 32... a4 $1 $17 {[%cal Ra4a3]} 33. Kd6 {White wants to play Re7+.} a3 $2 (33... Kf6 $19 {aiming for ...Kg5.} 34. Re8 Rxb2) 34. Re7+ $11 {[%mdl 64] Double Attack} Kf6 35. bxa3 Rxa3 36. Rxb7 {And now Rc7 would win.} Rxc3 37. Rxh7 Rg3 $2 {[%mdl 8192]} (37... Rd3 $11 {and Black is okay.}) 38. Kxc6 $18 Rxg4 39. Kxd5 Rxg2 40. Kd6 Rg6 41. d5 {White mates.} Rg1 42. Rh8 Ra1 43. Rf8+ Kg7 44. Rf2 Ra6+ 45. Ke5 Ra5 46. Ke6 Ra6+ 47. d6 Ra1 48. Ke7 Re1+ 49. Kd8 Rd1 50. d7 Rd2 51. Rxd2 {Accuracy: White = 82%, Black = 66%.} 1-0

[Event "Stay Safe Play From Home 298"]
[Site "Emanuel Lasker Arena"]
[Date "2020.07.13"]
[Round "2"]
[White "Haxhi Baha"]
[Black "Lamborghini"]
[Result "1-0"]
[WhiteElo "2005"]
[BlackElo "2197"]
[Annotator "TA"]
[PlyCount "71"]
[EventDate "2020.07.13"]
[EventType "swiss (blitz)"]

{[%evp 14,71,31,-8,9,7,39,37,94,66,82,81,96,-31,-25,-24,12,16,21,0,20,-20,-26,-632,-375,-383,-236,-243,-222,-221,39,-260,-16,-496,57,58,395,392,485,471,539,534,589,572,717,662,1332,920,29986,635,1108,1058,1515,579,1399,620,561,-291,587,22]} 1. e4 d6 2. Nf3 Nf6 3. Nc3 c5 4. d4 cxd4 5. Nxd4 g6 6. Be2 Bg7 7. Be3 O-O 8. g4 Nc6 {B72: Sicilian Dragon: 6 Be3, lines with h3+Bc4 and sidelines.} 9. g5 Nd7 10. h4 a6 {[#]} (10... Nb6 $14) 11. f4 $146 ({Predecessor:} 11. h5 Na5 12. hxg6 hxg6 13. Qd2 Re8 14. O-O-O b5 15. f4 b4 16. Nd5 e6 17. Nf6+ Nxf6 18. gxf6 Qxf6 19. Qxb4 {0-1 (44) Gaehwiler,G (2267)-Zhou,Y (2430) Prague 2012}) 11... Nxd4 12. Bxd4 e5 {[#]} 13. Be3 (13. fxe5 $1 $16 Nxe5 14. Qd2) 13... exf4 $15 14. Bxf4 Ne5 15. Qd2 Be6 16. h5 Qa5 17. O-O-O ({Wrong is} 17. Qxd6 $2 Rfd8 $19) 17... Rfc8 {White must now prevent ...Nc4.} 18. Kb1 $2 {[%mdl 8192]} (18. h6 $11 Nf3 19. Bxf3 Bxc3 20. Qd3) 18... Rxc3 19. Qxc3 Qxa2+ 20. Kc1 Nc4 21. Bxc4 Bxc4 $2 (21... Qa1+ $19 22. Kd2 Bxc3+ 23. bxc3 Qa4 24. hxg6 hxg6) 22. e5 $2 {[%mdl 8192]} (22. Qa3 $14 {stays ahead.} Qxa3 23. bxa3) 22... Rc8 $2 (22... dxe5 $19 23. hxg6 hxg6) 23. Kd2 $2 {[%mdl 8192]} (23. hxg6 $11 {and White is okay.} hxg6 24. b3 (24. Qh3 $2 Be6 $19)) 23... Qa4 $2 (23... Be6 $19 24. Qb4 dxe5) 24. b3 $36 {[%mdl 2112] Double Attack. White has the initiative.} Qc6 $2 {[%mdl 8192]} (24... Qb5 $1 $14 25. bxc4 Rxc4 {[%mdl 64] Double Attack}) 25. bxc4 $18 b5 26. c5 dxc5 27. Kc1 b4 28. Qc4 Qa4 29. Kb1 Rb8 30. Qb3 Qb5 31. Rd5 (31. hxg6 $142 Rf8 32. gxf7+ Rxf7 {[#]} 33. g6 $1 {[%mdl 576] Pin} c4 34. Rd8+ Qe8 35. Rxe8+ Bf8 36. Qxc4 {[%mdl 64] Double Attack} hxg6 37. Bh6 Kh8 38. Rxf8+ Rxf8 39. Bxf8#) 31... Qc6 32. Rhd1 Bf8 33. Qc4 {Strongly threatening e6!} b3 {...Rb4 is the strong threat.} 34. c3 {Hoping for e6!} Qe6 35. R5d4 $4 {[%mdl 8192]} (35. h6 $18) 35... Qf5+ $4 {[%mdl 8192]} (35... cxd4 $19 {and life is good for Black.} 36. Qxe6 fxe6 37. Rxd4 gxh5) 36. Qd3 $2 {[%mdl 32768] Quite a comeback for White. Accuracy: White = 24%, Black = 26%. . Loss on time!?} (36. Re4 $18 Re8 37. hxg6 hxg6 38. Kb2) 1-0

[Event "Stay Safe Play From Home 298"]
[Site "Emanuel Lasker Arena"]
[Date "2020.07.13"]
[Round "2"]
[White "NeatFox"]
[Black "Bardellosport"]
[Result "0-1"]
[WhiteElo "1849"]
[BlackElo "2026"]
[Annotator "TA"]
[PlyCount "116"]
[EventDate "2020.07.13"]
[EventType "swiss (blitz)"]

{[%evp 9,116,-167,-126,-110,-103,-139,-104,-151,-137,-177,-77,-205,-195,-218,-218,-233,-237,-262,-275,-264,-247,-290,-249,-285,-277,-282,-260,-250,-247,-419,-406,-392,-339,-386,-367,-592,-580,-655,-632,-751,-724,-688,-621,-938,-857,-946,-934,-1102,-1079,-1121,-881,-1377,-1283,-1617,-1175,-1160,-1111,-1086,-1079,-1064,-1036,-29987,-29987,-6941,-1473,-1404,-1388,-29989,-1519,-1522,-1371,-29986,-29987,-29986,-29987,-29992,-29990,-29990,-29990,-29990,-29990,-29989,-29989,-29989,-29990,-29990,-29990,-29992,-29993,-29994,-29990,-29994,-29989,-29994,-29991,-29991,-29990,-29992,-29991,-29991,-29991,-29992,-29992,-29992,-29993,-29993,-29993,-29993,-29993]} 1. g4 d6 2. Bg2 e5 3. Nc3 Nc6 {[#]} 4. b3 $146 ({Predecessor:} 4. h3 Be6 5. d3 Nf6 6. Bg5 Be7 7. Nf3 O-O 8. Qd2 Nd5 9. Nxd5 Bxd5 10. e4 {0-1 (40) Ramirez Ramirez,C (1616)-Pantoja Pantoja,D (1433) Palmira 2019}) 4... Bxg4 5. Bb2 Bd7 6. e3 {A00: Irregular Openings.} f5 7. Nge2 Nf6 8. f4 {Black is better.} e4 9. d4 g6 (9... d5 $19 10. Qd2 Be6) 10. O-O {Loses the game.} (10. d5 $17 {might work better.} Nb8 11. Nd4) 10... Bg7 11. d5 Ne7 12. Nd4 O-O ({Don't take} 12... Nexd5 13. Nxf5 $1 {[%mdl 512]} Bxf5 14. Nxd5 $17) 13. Ne6 Bxe6 $1 14. dxe6 c6 15. Na4 d5 16. Be5 Qc8 17. Qd4 Qxe6 18. Nc5 Qc8 19. Bh3 $2 (19. Qb4) 19... b6 $19 20. Na4 Qe6 21. Qb2 Rad8 22. Bc3 $2 (22. Rfd1 {was necessary.}) 22... c5 23. Bd2 Ng4 24. Qc1 Bxa1 25. Qxa1 Qf6 26. Bc3 d4 {And now ...Qh4 would win.} 27. exd4 cxd4 {...Qh4 is the strong threat.} 28. Bd2 e3 29. Be1 Nd5 30. Bxg4 fxg4 31. Bg3 h5 32. Nb2 Qf5 33. Nd3 Qe4 34. Qe1 Nc3 35. Nf2 exf2+ 36. Kxf2 Qxe1+ 37. Rxe1 Rde8 38. Rd1 Ne4+ (38... Nxd1+ $142 39. Kf1 Nc3 40. Bh4 {[#]} Re2 $1 {[%mdl 576] Double Attack} 41. Kg1 Rxc2 42. Bf2 d3 43. Be3 d2 44. Bxd2 Rxd2 45. Kf1 Rxa2 46. h4 Rd8 47. Kg1 Rd1#) 39. Kg2 Nxg3 40. Kxg3 Re3+ {Black mates.} 41. Kg2 Rxf4 42. Rd3 Rxd3 43. cxd3 {[%mdl 4096] Endgame KR-KP} Kf7 44. Kg3 Rf6 45. h3 Re6 46. hxg4 hxg4 47. Kxg4 {KR-K3P} Kf6 48. Kf4 Re3 49. b4 Rxd3 {KR-KPP} 50. a4 Ra3 51. b5 Rxa4 {KR-KP} 52. Ke4 Rb4 53. Kd3 Rxb5 54. Kc4 Rf5 55. Kd3 g5 56. Ke4 a5 {[%cal Ba7a5,Ba5a4][%mdl 32]} 57. Kd3 a4 58. Kc2 g4 {Accuracy: White = 29%, Black = 81%.} 0-1

[Event "Stay Safe Play From Home 298"]
[Site "Emanuel Lasker Arena"]
[Date "2020.07.13"]
[Round "2"]
[White "Patzeroglu"]
[Black "Souchov"]
[Result "0-1"]
[WhiteElo "1806"]
[BlackElo "1980"]
[Annotator "TA"]
[PlyCount "38"]
[EventDate "2020.07.13"]
[EventType "swiss (blitz)"]

{[%evp 15,38,21,28,8,22,7,48,46,71,48,93,84,83,21,20,22,29,20,29,-49,-59,-49,71,-62,-47]} 1. e4 c6 2. d4 d5 3. Nc3 dxe4 4. Nxe4 Nf6 5. Nxf6+ exf6 6. c3 Bd6 7. Bd3 O-O 8. Ne2 Re8 9. Be3 {B15: Caro-Kann: 3 Nc3: 3...g6 and 3...dxe4 4 Nxe4 Nf6 5 Nxf6+ exf6.} (9. O-O {is more complex.} Na6 10. Bf4 Nc7 11. Qd2 Ne6 12. Bg3) 9... f5 10. Qd2 {[#]} Qf6 $146 {[#] And now ...f4 would win.} ({Predecessor:} 10... Na6 11. O-O Qc7 12. Bf4 c5 13. Bxa6 bxa6 14. dxc5 Bxf4 15. Nxf4 Re4 16. Rfe1 Bb7 17. Rxe4 Bxe4 18. Qd6 Qa5 19. b4 Qa3 20. Qd4 g6 21. Nd5 Qb2 22. Nf6+ Kf8 23. Re1 {1-0 (23) Cappon,J (2190)-Girardon,J (2145) France 2006}) 11. O-O {White is slightly better.} h6 12. Bf4 Nd7 13. Bxd6 Qxd6 14. Qf4 (14. Bxf5 $16 Nf6 15. Bc2) 14... Qxf4 $11 15. Nxf4 Nf6 16. Rfe1 Bd7 17. Re5 (17. g3 $11) 17... Rxe5 $15 18. dxe5 Nd5 (18... Ng4 $1 $15 {stays ahead.}) 19. Nh5 (19. Nxd5 $16 {Strongly threatening Bxf5.} cxd5 20. f4) 19... Be6 {Accuracy: White = 44%, Black = 58%.} 0-1

[Event "Stay Safe Play From Home 298"]
[Site "Emanuel Lasker Arena"]
[Date "2020.07.13"]
[Round "2"]
[White "Justwatch"]
[Black "Buzaglo"]
[Result "0-1"]
[WhiteElo "1595"]
[BlackElo "1827"]
[Annotator "NA RC"]
[PlyCount "80"]
[EventDate "2020.07.13"]
[EventType "swiss (blitz)"]

1. e4 {[%emt 0:00:02]} e6 {[%emt 0:00:00]} 2. Nf3 {[%emt 0:00:02]} d5 {[%emt 0:00:00]} 3. exd5 {[%emt 0:00:01]} exd5 {[%emt 0:00:00]} 4. d4 {[%emt 0:00:00]} Nf6 {[%emt 0:00:01]} 5. Be3 {[%emt 0:00:00]} c6 {[%emt 0:00:01]} 6. Nbd2 {[%emt 0:00:00]} Bg4 {[%emt 0:00:01]} 7. c4 {[%emt 0:00:00]} dxc4 {[%emt 0:00:01]} 8. Bxc4 {[%emt 0:00:01]} Nbd7 {[%emt 0:00:00]} 9. Be2 {[%emt 0:00:00]} Bb4 {[%emt 0:00:02]} 10. h3 {[%emt 0:00:01]} Bh5 {[%emt 0:00:02]} 11. O-O {[%emt 0:00:01]} O-O {[%emt 0:00:01]} 12. a3 {[%emt 0:00:01]} Be7 {[%emt 0:00:02]} 13. Ne5 {[%emt 0:00:02]} Bxe2 {[%emt 0:00:01]} 14. Qxe2 {[%emt 0:00:01]} Nd5 {[%emt 0:00:00]} 15. Ndf3 {[%emt 0:00:01]} Nxe3 {[%emt 0:00:01]} 16. fxe3 {[%emt 0:00:01]} Bf6 {[%emt 0:00:00]} 17. Nxd7 {[%emt 0:00:01]} Qxd7 {[%emt 0:00:00]} 18. Rad1 {[%emt 0:00:01]} Qc7 {[%emt 0:00:01]} 19. e4 {[%emt 0:00:00]} Be7 {[%emt 0:00:01]} 20. e5 {[%emt 0:00:01]} Rfe8 {[%emt 0:00:02]} 21. Qe4 {[%emt 0:00:01]} Rad8 {[%emt 0:00:02]} 22. Qg4 {[%emt 0:00:01]} h6 {[%emt 0:00:04]} 23. Rd3 {[%emt 0:00:04]} Qb6 {[%emt 0:00:02]} 24. Rf2 {[%emt 0:00:02]} Qb5 {[%emt 0:00:02]} 25. Rfd2 {[%emt 0:00:01]} c5 {[%emt 0:00:01]} 26. d5 {[%emt 0:00:01]} Bf8 {[%emt 0:00:02]} 27. e6 {[%emt 0:00:01]} fxe6 {[%emt 0:00:02]} 28. dxe6 {[%emt 0:00:01]} Rxd3 {[%emt 0:00:01]} 29. Qg6 {[%emt 0:00:02]} Re7 {[%emt 0:00:03]} 30. Rf2 {[%emt 0:00:02]} Rd6 {[%emt 0:00:02]} 31. Nh4 {[%emt 0:00:03]} Rdxe6 {[%emt 0:00:01]} 32. Qg4 {[%emt 0:00:01]} Qe8 {[%emt 0:00:02]} 33. Nf5 {[%emt 0:00:01]} Rf6 {[%emt 0:00:01]} 34. Rd2 {[%emt 0:00:04]} Re1+ {[%emt 0:00:01]} 35. Kh2 {[%emt 0:00:01]} Qe6 {[%emt 0:00:00]} 36. Rf2 {[%emt 0:00:02]} Rxf5 {[%emt 0:00:02]} 37. Qxf5 {[%emt 0:00:01]} Qxf5 {[%emt 0:00:01]} 38. Rxf5 {[%emt 0:00:00]} Re2 {[%emt 0:00:00]} 39. Re5 {[%emt 0:00:01]} Rxb2 {[%emt 0:00:01]} 40. Re8 {[%emt 0:00:02]} c4 {[%emt 0:00:01]} 0-1

[Event "Stay Safe Play From Home 298"]
[Site "Emanuel Lasker Arena"]
[Date "2020.07.13"]
[Round "3"]
[White "Broken sword"]
[Black "Sfantul321"]
[Result "0-1"]
[WhiteElo "2422"]
[BlackElo "2009"]
[Annotator "NA RC"]
[PlyCount "92"]
[EventDate "2020.07.13"]
[EventType "swiss (blitz)"]

1. e4 {[%emt 0:00:01]} g6 {[%emt 0:00:00]} 2. d4 {[%emt 0:00:01]} Bg7 {[%emt 0:00:00]} 3. Nc3 {[%emt 0:00:00]} d6 {[%emt 0:00:00]} 4. Be3 {[%emt 0:00:01]} Nf6 {[%emt 0:00:00]} 5. Qd2 {[%emt 0:00:00]} O-O {[%emt 0:00:01]} 6. Bh6 {[%emt 0:00:01]} c5 {[%emt 0:00:01]} 7. Nge2 {[%emt 0:00:01]} cxd4 {[%emt 0:00:01]} 8. Nxd4 {[%emt 0:00:00]} Nc6 {[%emt 0:00:00]} 9. Bxg7 {[%emt 0:00:01]} Kxg7 {[%emt 0:00:02]} 10. h4 {[%emt 0:00:00]} Nxd4 {[%emt 0:00:01]} 11. Qxd4 {[%emt 0:00:00]} e5 {[%emt 0:00:01]} 12. Qd2 {[%emt 0:00:01]} Qb6 {[%emt 0:00:01]} 13. O-O-O {[%emt 0:00:02]} Be6 {[%emt 0:00:02]} 14. h5 {[%emt 0:00:01]} Rh8 {[%emt 0:00:04]} 15. h6+ {[%emt 0:00:01]} Kg8 {[%emt 0:00:02]} 16. f3 {[%emt 0:00:01]} Rd8 {[%emt 0:00:02]} 17. g4 {[%emt 0:00:02]} Kf8 {[%emt 0:00:03]} 18. g5 {[%emt 0:00:01]} Ne8 {[%emt 0:00:01]} 19. Kb1 {[%emt 0:00:01]} a6 {[%emt 0:00:01]} 20. Bh3 {[%emt 0:00:02]} Ke7 {[%emt 0:00:03]} 21. f4 {[%emt 0:00:01]} Bxh3 {[%emt 0:00:03]} 22. Rxh3 {[%emt 0:00:01]} Nc7 {[%emt 0:00:01]} 23. Rd3 {[%emt 0:00:02]} Rd7 {[%emt 0:00:03]} 24. f5 {[%emt 0:00:02]} Rhd8 {[%emt 0:00:02]} 25. Qf2 {[%emt 0:00:03]} Qxf2 {[%emt 0:00:02]} 26. a3 {[%emt 0:00:01]} gxf5 {[%emt 0:00:03]} 27. R3d2 {[%emt 0:00:01]} Qf4 {[%emt 0:00:02]} 28. exf5 {[%emt 0:00:00]} Qxf5 {[%emt 0:00:01]} 29. Rg2 {[%emt 0:00:02]} Qf3 {[%emt 0:00:02]} 30. Rgg1 {[%emt 0:00:01]} d5 {[%emt 0:00:01]} 31. Rdf1 {[%emt 0:00:00]} Qxf1+ {[%emt 0:00:02]} 32. Rxf1 {[%emt 0:00:01]} e4 {[%emt 0:00:00]} 33. Ne2 {[%emt 0:00:01]} d4 {[%emt 0:00:01]} 34. Nf4 {[%emt 0:00:00]} d3 {[%emt 0:00:01]} 35. cxd3 {[%emt 0:00:01]} exd3 {[%emt 0:00:01]} 36. Kc1 {[%emt 0:00:00]} d2+ {[%emt 0:00:01]} 37. Kd1 {[%emt 0:00:01]} Nd5 {[%emt 0:00:01]} 38. Nh5 {[%emt 0:00:01]} Ne3+ {[%emt 0:00:01]} 39. Ke2 {[%emt 0:00:00]} Nxf1 {[%emt 0:00:01]} 40. g6 {[%emt 0:00:01]} d1=Q+ {[%emt 0:00:01]} 41. Kf2 {[%emt 0:00:00]} fxg6 {[%emt 0:00:01]} 42. Nf4 {[%emt 0:00:01]} Rd2+ {[%emt 0:00:01]} 43. Kg1 {[%emt 0:00:00]} Qf3 {[%emt 0:00:01]} 44. Nxg6+ {[%emt 0:00:01]} hxg6 {[%emt 0:00:01]} 45. h7 {[%emt 0:00:01]} Rg2+ {[%emt 0:00:01]} 46. Kh1 {[%emt 0:00:01]} Qh3# {[%emt 0:00:00] (Lag: Av=0.24s, max=0.8s)} 0-1